00403nam a22001217a 4500008004100000040005500041080002100096100001900117245003800136260006800174300001600242650002300258230510b |||||||| |||| 00| 0 eng d aNational Science LibrarycNational Science Library a546.799.4.06bK7 aMilyukova, M S aAnalytical chemistry of plutonium aJerusalem: bIsrael Program for Scientific Translations, c1967 axiii, 369p. aPlutonium-Analysis